| 000 | 00962nam a2200241 a 4500 | ||
|---|---|---|---|
| 001 | 40504 | ||
| 003 | BD-RjUL | ||
| 005 | 20220613113831.0 | ||
| 008 | 160503s2009 bg ||||| b||| 00| 0 ben d | ||
| 020 |
_a9847000001054 _c: Tk. 130.00 |
||
| 035 | _a(BD-RjUL) 40619 | ||
| 040 |
_aBD-RjUL _bben _cBD-RjUL |
||
| 041 | _aben | ||
| 082 |
_223 _a179.1 _bKHP 2016 |
||
| 100 |
_aখানম, রাশিদা আখতার _9120969 |
||
| 245 | 1 | 0 |
_aপরিবেশ নীতিবিদ্যা / _cরাশিদা আখতার খানম |
| 260 |
_aঢাকা : _bজাতীয় সাহিত্য প্রকাশ, _c২০০৯, [মুদ্রণ ২০১৬] |
||
| 300 |
_a১২৭ পৃ. ; _c২১ সেমি. |
||
| 504 | _aগ্রন্থপঞ্জি সংযুক্ত | ||
| 650 |
_aপরিবেশগত নীতিশাস্ত্র _9124749 |
||
| 650 |
_aEnvironmental ethics _9124750 |
||
| 942 |
_2ddc _cBK |
||
| 999 |
_c40504 _d40504 |
||